000 00972nam a2200289Ia 4500
008 170328s9999 xx 000 0 und d
020 _a9786071608628
041 _aspa
100 _aPerrault, Charles, 1628-1703
245 0 _aBarba azul /
_c adaptación del texto de Charles Perrault ; ilustrado por Christoph Wischniowski
250 _aPrimera edición
300 _a42 páginas :
_b ilustraciones en blanco y negro ;
_c 21 cm
490 _aClásicos del Fondo
650 _a Autores Franceses
650 _a Desde Los 12 Años
650 _a Literatura Infantil Francesa
650 _a Riqueza - Cuento
650 _aCuentos Infantiles Franceses
700 _aWischniowski, Christoph
264 _aMéxico :
_b Fondo de Cultura Económica,
_c2012
336 _atexto
_btxt
_2rdacontent
337 _asin mediación
_bn
_2rdamedia
338 _avolumen
_bnc
_2rdacarrier
040 _aCO-BoRNBP
_bspa
_erda
_cCO-BoRNBP
084 _aC PER2
942 _2loc
999 _c8179
_d8179